PHARMACOLOGICAL AND PSYCHOSOCIAL TREATMENTS IN SCHIZIPHRENIA / (Record no. 798008)

MARC details
000 -LEADER
fixed length control field 00516pam a2200181 a 4500
020 ## - INTERNATIONAL STANDARD BOOK NUMBER
International Standard Book Number 841842680
Terms of availability 5656.50
041 ## - LANGUAGE CODE
Language code of text/sound track or separate title eng
Language code of original NULL
082 ## - DEWEY DECIMAL CLASSIFICATION NUMBER
Classification number 616.89
Item number CAS/COP
100 ## - MAIN ENTRY--PERSONAL NAME
Personal name CASTLE, D .
245 ## - TITLE STATEMENT
Title PHARMACOLOGICAL AND PSYCHOSOCIAL TREATMENTS IN SCHIZIPHRENIA /
Statement of responsibility, etc. NULL.
Medium Textual Documents
260 ## - PUBLICATION, DISTRIBUTION, ETC.
Place of publication, distribution, etc. NULL :
Name of publisher, distributor, etc. MARTIN DUNITZ ,
Date of publication, distribution, etc. 2003.
300 ## - PHYSICAL DESCRIPTION
Extent 143 :
Other physical details XV ;
Dimensions A4 .
365 ## - TRADE PRICE
Price type code 5656.50
650 ## - SUBJECT ADDED ENTRY--TOPICAL TERM
Topical term or geographic name entry element PSYCHIATRY
700 ## - ADDED ENTRY--PERSONAL NAME
Personal name COPOLOV, D .
-- WYKES, T .
930 ## - EQUIVALENCE OR CROSS-REFERENCE-UNIFORM TITLE HEADING [LOCAL, CANADA]
Uniform title 3474
Holdings
Withdrawn status Lost status Damaged status Not for loan Home library Current library Date acquired Cost, normal purchase price Total Checkouts Full call number Barcode Date last seen Copy number Price effective from Koha item type
        Medical College & Hospital, Sangli Medical College & Hospital, Sangli 28/11/2011 5656.50   616.89 CAS/COP MCS-7801 26/07/2023 1 26/07/2023 Book